000 01258nac a22003977a 4500
001 BR7503149
003 BR-BrBNA
005 20240105113849.0
008 230509b bl.|||m| |||| 00| 0 por d
040 _aBR-BrBNA
_bpor
_cBiblioteca Nacional de Agricultura
072 _aF26; F22; F23
090 _aF26 BR7503149
100 1 _aAmaral Filho, Z.P. do
100 1 _aRego, R.S.
100 1 _aSantos, P.L. dos
100 1 _aLopes, D.N.
100 1 _aGama, J.R.N.F.
100 1 _aReis, C.M. dos
110 1 _aInstituto do Desenvolvimento Economico-Social do Para, Belem (Brasil)
245 1 _aEstudo detalhado dos solos de uma area do municipio de Braganca [analise do solo, recurso do solo, Para, Brasil]
260 3 _aBelem, PA (Brasil):
_c1975.
300 _a93 p.
490 _aSerie Monografias - Instituto do Desenvolvimento Economico-Social do Para (Brazil)
_vno. 19
_x
500 _a23 ref.; 2 Maps, scale 1:50,000; 17 tables
650 _aRECURSO DO SOLO
650 _aQUIMICA DO SOLO
650 _aFISICA DO SOLO
650 _aGEOLOGIA
650 _aCLIMA
650 _aVEGETACAO
650 _aRELEVO
650 _aMAPA
650 _aPARA
909 _a202312
_bLúcia Elande
_c55
_dLúcia Elande
942 _2AGRIS
_n0
_cMS
999 _c266019
_d266019